000 01948nam a2200517 i 4500
001 15707
003 KOSZ 005
005 20200706113722.0
008 200425s1973 pl a f 001 0 pol
015 _aUWD 1973/9842
035 _a991034304619705066
035 _a(PL-WaBN)b19176533-48omnis_nlop
035 _ab19176533
035 _a(OCoLC)749748550
035 _a(PL)b0000001917653
035 _a(EXLNZ-48OMNIS_NETWORK)9910433582005606
040 _aWA N
_cWA N
_dKOSZ 005/RW
046 _k1973
080 _a002
080 _a001.102
080 _a(07)
100 1 _aStaniszewski, Zdzisław
_d(1925-2002)
_eAutor
245 1 0 _aKartoteki informacyjne /
_cZbigniew Staniszewski, Barbara Wdowczyk.
250 _aWydanie 3 poprawione i uzupełnione.
260 _aWarszawa :
_bInstytut Informacji Naukowej, Technicznej i Ekonomicznej,
_c1973.
300 _a121, [2] stron :
_bilustracje ;
_c24 cm.
336 _aTekst
_btxt
_2rdacontent
337 _aBez urządzenia pośredniczącego
_bn
_2rdamedia
338 _aWolumin
_bnc
_2rdacarrier
380 _aKsiążki
380 _aPublikacje fachowe
388 _a1901-2000
388 _a1945-1989
490 1 _aMateriały Szkoleniowe. D / Instytut Informacji Naukowej, Technicznej i Ekonomicznej
504 _aBibliografia na stronach 112-121. Indeks.
650 7 _aInformacja naukowa
_2DBN
650 7 _aKartoteka
_2DBN
655 7 _aPodręcznik
_2DBN
658 _aBibliotekarstwo, archiwistyka, muzealnictwo
700 1 _aWdowczyk, Barbara
_eAutor
710 2 _aInstytut Informacji Naukowej, Technicznej i Ekonomicznej
_4pbl
830 0 _aMateriały Szkoleniowe - Instytut Informacji Naukowej, Technicznej i Ekonomicznej.
_nD
856 _uhttp://koha.tu.koszalin.pl/cgi-bin/koha/opac-detail.pl?biblionumber=15707
_yKatalog online BPK
942 _2UKD
_cKS
999 _c15707
_d15707